Načítá se...
Public Distribution System in Rural Areas : Study of a Village in Kerala
| Hlavní autor: | |
|---|---|
| Médium: | Printed Book |
| Vydáno: |
Journal of Rural Development Vol.12, No.1, 1993, p. 103.
1993
|
| Témata: |
| LEADER | 004020000a22001210004500 | ||
|---|---|---|---|
| 100 | |a Velluva Sanathanan | ||
| 245 | |a Public Distribution System in Rural Areas : Study of a Village in Kerala | ||
| 260 | |c 1993 | ||
| 260 | |b Journal of Rural Development Vol.12, No.1, 1993, p. 103. | ||
| 650 | |a PDS | ||
| 942 | |c KS | ||
| 999 | |c 71643 |d 71643 | ||
| 952 | |0 0 |1 0 |4 0 |7 0 |9 63607 |a MGUL |b MGUL |d 2015-08-01 |l 0 |r 2015-08-01 |w 2015-08-01 |y KS | ||